Statistics for All Formula One Grand Prix Ever

Click here to take the quiz!

General Stats

  • This quiz has been taken 36,289 times
    (13,395 since last reset)
  • The average score is 26 of 50

Answer Stats

#LastGrand Prix% Correct
672021Monaco
87%
722021Italian
80%
642019German
79%
722021British
77%
512021Spanish
76%
612021French
76%
342019Australian
75%
482021Brazilian
75%
422021United States
75%
81983United States (West)
75%
212021Mexican
73%
352019Japanese
73%
162019Chinese
72%
352021Austrian
72%
82021Russian
72%
502019Canadian
71%
182021Portuguese
69%
662021Belgian
69%
312021Dutch
69%
172021Bahrain
66%
362021Hungarian
64%
132021Abu Dhabi
64%
32013Indian
62%
12021Qatar
62%
92021Turkish
62%
12021Saudi Arabian
62%
122019Singapore
62%
201998Argentine
59%
231993South African
58%
192017Malaysian
54%
61978Swedish
52%
42021Azerbaijan
51%
262006San Marino
51%
42013Korean
48%
61982Swiss
47%
232016European
39%
11958Moroccan
30%
21998Luxembourg
29%
22021Styrian
29%
22021Emilia Romagna
27%
12020Tuscan
18%
12020Eifel
16%
12020Sakhir
16%
111960Indianapolis
16%
1202070th Anniversary
15%
11984Dallas
12%
71988Detroit
12%
21995Pacific
11%
21982Caesars Palace
10%
11957Pescara
7%

Score Distribution

Percentile by Number Answered

Percent of People with Each Score

Your Score History

You have not taken this quiz since the last reset